| 000 | 00848nam a2200265Ia 4500 | ||
|---|---|---|---|
| 003 | OSt | ||
| 005 | 20221005062305.0 | ||
| 006 | a|||||r|||| 00| 0 | ||
| 007 | ta | ||
| 008 | 221004b |||||||| |||| 00| 0 eng d | ||
| 020 |
_a9781138839403 (hbk) _cUKP 120.00 |
||
| 024 | _a38381 | ||
| 037 |
_b203, 17/01/2018, Classic Book Service _cTextual |
||
| 040 |
_aCRL _cCRL _beng |
||
| 041 |
_2eng _aeng |
||
| 082 | _aV51, Q7 | ||
| 100 |
_aRuffell Ian Ed. _9601654 |
||
| 245 | 0 |
_aTruth and history in the ancient world _b pluralising the past |
|
| 260 |
_aLondon _bRoutledge UK _c2017 |
||
| 300 |
_avi,288p. _ccm. |
||
| 650 |
_aGREECE - HISTORY _928436 |
||
| 700 |
_a Hau Lisa Irene Ed. _9601655 |
||
| 942 |
_hV51, Q7 _cTEXL _2cc |
||
| 999 |
_c969475 _d969475 |
||